आदिवासी कविता का लोकतंत्र / (Record no. 52074)

MARC details
000 -LEADER
fixed length control field 00612nam a2200181Ia 4500
005 - DATE AND TIME OF LATEST TRANSACTION
control field 20260429112039.0
008 - FIXED-LENGTH DATA ELEMENTS--GENERAL INFORMATION
fixed length control field 260429s9999||||xx |||||||||||||| ||und||
020 ## - INTERNATIONAL STANDARD BOOK NUMBER
International Standard Book Number 9788119680184
041 ## - LANGUAGE CODE
Language Hindi
082 ## - DEWEY DECIMAL CLASSIFICATION NUMBER
Classification number 891.43
Item number PRA
100 ## - MAIN ENTRY--PERSONAL NAME
Personal name प्रताप, वीरेंद्र
245 #0 - TITLE STATEMENT
Title आदिवासी कविता का लोकतंत्र /
Statement of responsibility, etc वीरेंद्र प्रताप
250 ## - EDITION STATEMENT
Edition statement 1st ed.
260 ## - PUBLICATION, DISTRIBUTION, ETC. (IMPRINT)
Place of publication, distribution, etc दिल्ली :
Name of publisher, distributor, etc एकैडमिक पब्लिकेशन,
Date of publication, distribution, etc 2024.
300 ## - PHYSICAL DESCRIPTION
Extent 168 p.; Hb
650 ## - SUBJECT ADDED ENTRY--TOPICAL TERM
Topical term or geographic name as entry element कविता
942 ## - ADDED ENTRY ELEMENTS (KOHA)
Koha item type Text Books
Holdings
Withdrawn status Lost status Damaged status Not for loan Collection code Home library Location Shelving location Date of Cataloging Source of acquisition Total Checkouts Full call number Barcode Date last seen Price effective from Koha item type
        Non-fiction CUTN Central Library CUTN Central Library Literature 29/04/2026 Kiran Book Service, New Delhi - Invoice No. IN-00113 on 09-02-2026   891.43 PRA 57121 29/04/2026 29/04/2026 Text Books